000 00211 a2200109 4500
020 _a9780545007474
041 _aspa
100 _aElizabeth Bennett
245 _aDeep-sea Creatures
942 _cBK
952 _71
999 _c18866
_d18866